Normal view
MARC view
- Avrami, Erica C.
Entry Personal Name
001 - CONTROL NUMBER
- control field: 123206
003 - CONTROL NUMBER IDENTIFIER
- control field: NUST
005 - DATE AND TIME OF LATEST TRANSACTION
- control field: 20240604152656.0
008 - FIXED-LENGTH DATA ELEMENTS
- fixed length control field: 240604|| aca||aabn | a|a d
040 ## - CATALOGING SOURCE
- Original cataloging agency: NUST
- Transcribing agency: NUST
100 ## - HEADING--PERSONAL NAME
- Personal name: Avrami, Erica C.
670 ## - SOURCE DATA FOUND
- Source citation: Work cat.: (NUST)0: Values in heritage management (2017 : Getty Conservation Institute), author. 123204, Values in heritage management :
